[Event "Superettan(Schack 08-Sollentuna)"]
[Site "?"]
[Date "2013.02.23"]
[Round "6"]
[White "Schutz, Ingemar"]
[Black "Kassani, Sam"]
[Result "1/2-1/2"]
[WhiteElo "2235"]
[BlackElo "2262"]
[PlyCount "96"]

1. e4 c5 2. Nf3 g6 3. d4 cxd4 4. Nxd4 Nc6 5. Be2 Bg7 6. Nb3 Nf6 7. Nc3 O-O 8.
O-O d6 9. Bg5 Be6 10. f4 a5 11. a4 Nd7 12. Rb1 Bxb3 13. cxb3 Nc5 14. Bh4 Qb6
15. Nd5 Qxb3 16. Bb5 Qxd1 17. Rfxd1 Nxe4 18. Bxc6 bxc6 19. Nxe7+ Kh8 20. Nxc6
Rfc8 21. Nd4 Rc4 22. Nb5 Rxa4 23. Be1 Rc4 24. b3 Rc6 25. Rd5 Rc5 26. Rbd1 Rxd5
27. Rxd5 Kg8 28. g3 a4 29. bxa4 Rxa4 30. Kg2 Ra2+ 31. Kf3 Ra1 32. Bb4 Rb1 33.
Nxd6 Rb3+ 34. Kxe4 f5+ 35. Nxf5 gxf5+ 36. Kxf5 Rxb4 37. h4 Rb7 38. h5 Rb3 39.
g4 Rb7 40. g5 Rf7+ 41. Kg4 Rb7 42. Ra5 Rb6 43. Ra8+ Kf7 44. Ra7+ Kg8 45. Ra4
Bf8 46. Ra8 Kf7 47. Ra5 Rc6 48. Ra7+ Kg8 1/2-1/2

[Event "Superettan(Schack 08-Sollentuna)"]
[Site "?"]
[Date "2013.02.23"]
[Round "6"]
[White "Bostrom, Gabriel"]
[Black "Faldt, Magnus"]
[Result "1-0"]
[WhiteElo "2113"]
[BlackElo "2211"]
[PlyCount "37"]

1. e4 c5 2. Ne2 Nc6 3. Nbc3 e6 4. d4 cxd4 5. Nxd4 a6 6. Be3 Nf6 7. a3 Qc7 8. f4
d6 9. Qf3 Bd7 10. Bd3 Rc8 11. O-O h5 12. h3 h4 13. Rae1 Be7 14. Qf2 b5 15. e5
dxe5 16. Nxc6 exf4 17. Nxe7 fxe3 18. Qxe3 Kxe7 19. Rxf6 1-0

[Event "Superettan(Schack 08-Sollentuna)"]
[Site "?"]
[Date "2013.02.23"]
[Round "6"]
[White "Fredriksson, Leif"]
[Black "Jansson Owen, Anders"]
[Result "0-1"]
[WhiteElo "2157"]
[BlackElo "2196"]
[PlyCount "122"]

1. e4 c5 2. Nf3 e6 3. d4 cxd4 4. Nxd4 Nf6 5. Nc3 Nc6 6. Ndb5 d6 7. Bf4 e5 8.
Bg5 a6 9. Bxf6 gxf6 10. Na3 b5 11. Nd5 Bg7 12. Bd3 Ne7 13. Nxe7 Qxe7 14. c3 f5
15. Nc2 Qb7 16. Qf3 f4 17. Nb4 Be6 18. Rd1 O-O 19. Bb1 Rad8 20. Nd5 Qd7 21. Qe2
Kh8 22. f3 Rg8 23. g4 h5 24. h3 Rb8 25. Qf2 Qd8 26. Ke2 Rb7 27. Rhg1 b4 28. c4
b3 29. a3 Bh6 30. Qe1 Bg5 31. Qc3 a5 32. c5 Rb5 33. c6 Rc5 34. Qxb3 Rxc6 35.
Rc1 Qc8 36. Rc3 Rxc3 37. Qxc3 Qb7 38. Qd2 Bd8 39. Rc1 f5 40. Rh1 Bh4 41. b4 Qa7
42. Kd1 axb4 43. axb4 Qa3 44. Qc3 Qa4+ 45. Qc2 Qa1 46. Qa2 Qd4+ 47. Qd2 Qa1 48.
Qa2 Ra8 49. Qxa1 Rxa1 50. Kc1 fxe4 51. fxe4 Bxd5 52. exd5 e4 53. Kb2 Bf6+ 54.
Kb3 e3 55. Kc4 f3 56. b5 Bd8 57. Kd3 Ra3+ 58. Ke4 e2 59. Bd3 Ba5 60. b6 e1=Q+
61. Rxe1 Bxe1 0-1

[Event "Superettan(Schack 08-Sollentuna)"]
[Site "?"]
[Date "2013.02.23"]
[Round "6"]
[White "Duenas, Alexis"]
[Black "Hansson, Christian"]
[Result "1-0"]
[WhiteElo "1891"]
[BlackElo "2077"]
[PlyCount "55"]

1. d4 e6 2. c4 f5 3. Nf3 Nf6 4. g3 d5 5. Bg2 c6 6. O-O Bd6 7. Bf4 Bxf4 8. gxf4
O-O 9. e3 Qe7 10. Nc3 Bd7 11. Qb3 Be8 12. Ne5 Ne4 13. Nxe4 fxe4 14. cxd5 cxd5
15. f3 exf3 16. Bxf3 Nc6 17. Nxc6 Bxc6 18. Kh1 Kh8 19. Rg1 Rg8 20. Rg5 Raf8 21.
Rag1 Qf6 22. Qc2 Be8 23. Qg2 Bg6 24. Rxg6 Qxg6 25. Qxg6 hxg6 26. Rg3 Rf5 27.
Rh3+ Rh5 28. Bxh5 1-0

[Event "Superettan(Schack 08-Sollentuna)"]
[Site "?"]
[Date "2013.02.23"]
[Round "6"]
[White "Forsback, Lenny"]
[Black "Jakenberg, Jussi"]
[Result "1/2-1/2"]
[WhiteElo "2094"]
[BlackElo "2059"]
[PlyCount "62"]

1. d4 g6 2. c4 Bg7 3. Nc3 c5 4. Nf3 cxd4 5. Nxd4 Nc6 6. e3 Nf6 7. Be2 O-O 8.
Nc2 d6 9. O-O Be6 10. e4 Rc8 11. b3 Nd7 12. Bd2 Nd4 13. Nxd4 Bxd4 14. Rc1 a6
15. Bh6 Bg7 16. Bxg7 Kxg7 17. Qd4+ Kg8 18. Nd5 Bxd5 19. exd5 Qb6 20. Qxb6 Nxb6
21. Rfe1 a5 22. a4 Rc7 23. Bd3 Re8 24. f4 Nd7 25. Rcd1 Nc5 26. Bc2 Kg7 27. Kf2
f5 28. Re3 Kf6 29. Kf3 e5 30. dxe6 Rxe6 31. Rxe6+ Kxe6 1/2-1/2

[Event "Superettan(Farsta-Solna)"]
[Site "?"]
[Date "2013.02.23"]
[Round "6"]
[White "Jonsson, Mikael"]
[Black "Livner, Anders"]
[Result "1-0"]
[WhiteElo "2335"]
[BlackElo "2393"]
[PlyCount "55"]

1. d4 d5 2. c4 c6 3. Nf3 Nf6 4. Nc3 dxc4 5. a4 Bf5 6. e3 e6 7. Bxc4 Bb4 8. O-O
O-O 9. Nh4 Bg4 10. f3 Bh5 11. g3 Nd5 12. Ne2 a5 13. e4 Nb6 14. Bb3 c5 15. Be3
N8d7 16. Nf4 Bg6 17. d5 e5 18. Nfxg6 hxg6 19. Qe2 g5 20. Nf5 Nc8 21. f4 gxf4
22. gxf4 Ra6 23. Kh1 Rg6 24. Rg1 Qf6 25. d6 c4 26. Bxc4 exf4 27. Rxg6 Qxg6 28.
Rg1 1-0

[Event "Superettan(Farsta-Solna)"]
[Site "?"]
[Date "2013.02.23"]
[Round "6"]
[White "Lundin, Jan"]
[Black "Bergstrom, Christer"]
[Result "0-1"]
[WhiteElo "2322"]
[BlackElo "2366"]
[PlyCount "82"]

1. e4 c5 2. c3 d6 3. d4 Nd7 4. Nf3 cxd4 5. cxd4 Ngf6 6. Nc3 e5 7. dxe5 dxe5 8.
Bc4 Bc5 9. O-O O-O 10. Bb3 Qe7 11. Nh4 Nb6 12. Qf3 Bg4 13. Qg3 Rad8 14. Bh6 Qd7
15. Nf5 gxh6 16. Rad1 Bd4 17. h3 Kh8 18. hxg4 Qc6 19. Qh4 Ng8 20. Bxf7 Qf6 21.
Bxg8 Qxh4 22. Nxh4 Kxg8 23. Nf5 Nc4 24. Nb5 Nxb2 25. Rb1 Nc4 26. Rb4 Nd2 27.
Rd1 Bc5 28. Rdb1 Nxb1 29. Rxb1 Rd2 30. Rf1 Rfd8 31. a4 Rxf2 32. Rxf2 Rd1+ 33.
Kh2 Bxf2 34. Nc3 Bg1+ 35. Kh1 Ra1 36. Nd5 Bd4+ 37. Kh2 Rxa4 38. Nf6+ Kf7 39.
Nxh7 Bc5 40. g5 hxg5 41. Nxg5+ Kf6 0-1

[Event "Superettan(Farsta-Solna)"]
[Site "?"]
[Date "2013.02.23"]
[Round "6"]
[White "Karlsson, Tomas"]
[Black "Hjelm, Niclas"]
[Result "1-0"]
[WhiteElo "2289"]
[BlackElo "2386"]
[PlyCount "117"]

1. e4 e5 2. Nf3 Nc6 3. Bb5 Nf6 4. O-O Nxe4 5. d4 Nd6 6. Bxc6 dxc6 7. dxe5 Nf5
8. Qxd8+ Kxd8 9. Rd1+ Ke8 10. Nc3 Be6 11. b3 Bb4 12. Bb2 Bxc3 13. Bxc3 Rd8 14.
h3 c5 15. g4 Ne7 16. Kh2 Nc6 17. Kg3 h6 18. Nd2 Nd4 19. Bxd4 cxd4 20. f4 Bd5
21. Nf3 c5 22. Rd2 Ke7 23. Rad1 Bc6 24. Ne1 b6 25. Nd3 a5 26. Re1 Rhe8 27. f5
Kd7 28. Nf4 Kc8 29. h4 Rd7 30. Rde2 Bb5 31. e6 fxe6 32. fxe6 Rd6 33. Re5 Kc7
34. g5 d3 35. c4 Ba6 36. Nd5+ Kc6 37. a4 Bc8 38. e7 d2 39. Rd1 Be6 40. Rxd2
hxg5 41. Rxg5 Bxd5 42. cxd5+ Kd7 43. Rxg7 Rxe7 44. Rxe7+ Kxe7 45. h5 Rf6 46.
d6+ Kd7 47. Rd3 Rf1 48. Kg4 Rg1+ 49. Kh4 Rh1+ 50. Rh3 Re1 51. h6 Kxd6 52. h7
Re8 53. Kg5 Rh8 54. Kg6 Kd5 55. Kg7 Rxh7+ 56. Kxh7 c4 57. Rh5+ Kd4 58. bxc4
Kxc4 59. Rb5 1-0

[Event "Superettan(Farsta-Solna)"]
[Site "?"]
[Date "2013.02.23"]
[Round "6"]
[White "von Bahr, Oskar"]
[Black "Lindborg, Petter"]
[Result "1/2-1/2"]
[WhiteElo "2360"]
[BlackElo "2252"]
[PlyCount "111"]

1. d4 e6 2. g3 f5 3. Bg2 Nf6 4. Nh3 d6 5. c4 Be7 6. Nc3 e5 7. dxe5 dxe5 8.
Qxd8+ Bxd8 9. e4 c6 10. O-O O-O 11. exf5 Bxf5 12. b3 Na6 13. Ba3 Re8 14. Ng5 e4
15. Bh3 Bxh3 16. Nxh3 Ba5 17. Ne2 Rad8 18. Rfd1 Ng4 19. Bd6 Bb4 20. Bxb4 Nxb4
21. Nef4 Nc2 22. Rac1 Nd4 23. Kg2 Nf3 24. c5 Ngxh2 25. Rxd8 Rxd8 26. Rc4 Re8
27. Ra4 a6 28. Rb4 Re7 29. Ne2 Ng4 30. Nc3 Nf6 31. Nf4 Ne1+ 32. Kf1 Nf3 33. Ke2
Ng5 34. Rd4 Kf7 35. b4 Nf3 36. Rd8 Ne5 37. Rd4 Neg4 38. Ng2 g6 39. Ne3 Nh6 40.
Nc4 Nf5 41. Rd8 h5 42. Rb8 g5 43. Na5 e3 44. Rxb7 Nd4+ 45. Kf1 Rxb7 46. Nxb7
exf2 47. Kxf2 Ke7 48. a4 Kd7 49. Nd6 h4 50. gxh4 gxh4 51. Kg2 Ne6 52. Kh3 a5
53. bxa5 Nxc5 54. Nc4 Nd5 55. Nxd5 cxd5 56. Nb6+ 1/2-1/2

[Event "Superettan(Farsta-Solna)"]
[Site "?"]
[Date "2013.02.23"]
[Round "6"]
[White "Landgren, Andreas"]
[Black "Ong, Kezli"]
[Result "0-1"]
[WhiteElo "2273"]
[BlackElo "2318"]
[PlyCount "50"]

1. d4 Nf6 2. c4 e6 3. Nc3 Bb4 4. Qc2 O-O 5. a3 Bxc3+ 6. Qxc3 b6 7. Nf3 Bb7 8.
e3 Ne4 9. Qc2 f5 10. Be2 d6 11. O-O Nd7 12. b4 Rf6 13. Bb2 Rh6 14. d5 e5 15.
Rad1 Qe7 16. g3 Rf8 17. Ne1 Rff6 18. Bd3 Rh3 19. f3 Nxg3 20. hxg3 Rxg3+ 21. Kf2
Rh6 22. Ke2 Rh2+ 23. Rf2 Qh4 24. Kf1 Rg1+ 25. Kxg1 Rh1+ 0-1

[Event "Superettan(Farsta-Solna)"]
[Site "?"]
[Date "2013.02.23"]
[Round "6"]
[White "Lissang, Christopher"]
[Black "Johansson, Gunnar"]
[Result "0-1"]
[WhiteElo "2272"]
[BlackElo "2225"]
[PlyCount "64"]

1. d4 d5 2. Nf3 Nf6 3. c4 c6 4. e3 Bf5 5. Nc3 e6 6. Nh4 Bg6 7. Nxg6 hxg6 8. Be2
Nbd7 9. O-O Bd6 10. g3 Qe7 11. Qc2 dxc4 12. e4 e5 13. d5 cxd5 14. exd5 Nb6 15.
Re1 Qd7 16. Bf1 O-O 17. Bg2 Rfe8 18. Bg5 Rac8 19. Rad1 Bc5 20. Bxf6 gxf6 21.
Ne4 Kg7 22. h4 Bd4 23. h5 Nxd5 24. h6+ Kxh6 25. Rxd4 exd4 26. Qd2+ Kg7 27. Qxd4
Qe6 28. Rd1 Red8 29. Nc5 Qb6 30. Nxb7 Qxb7 31. Bxd5 Qb5 32. Qg4 Rc5 0-1

[Event "Superettan(Farsta-Solna)"]
[Site "?"]
[Date "2013.02.23"]
[Round "6"]
[White "Bjarnehag, Peter"]
[Black "Lindeman, Sven"]
[Result "1-0"]
[WhiteElo "2228"]
[BlackElo "2211"]
[PlyCount "47"]

1. c4 e5 2. Nc3 Nf6 3. Nf3 Nc6 4. a3 d6 5. d3 g6 6. g3 Bg7 7. Bg2 O-O 8. O-O h6
9. e4 Ne8 10. Nd5 Ne7 11. d4 c6 12. Nc3 Bg4 13. dxe5 dxe5 14. Qxd8 Rxd8 15. Be3
b6 16. c5 b5 17. Rad1 Nc7 18. Rd6 Rd7 19. Rfd1 Rfd8 20. Bxh6 Bxh6 21. Nxe5 Rxd6
22. Rxd6 Rxd6 23. cxd6 Bg7 24. Nxg4 1-0

[Event "Superettan(Farsta-Solna)"]
[Site "?"]
[Date "2013.02.23"]
[Round "6"]
[White "Jaderberg, Bjorn"]
[Black "Dalmau, Jorgen"]
[Result "1-0"]
[WhiteElo "2202"]
[BlackElo "2153"]
[PlyCount "107"]

1. d4 Nf6 2. Nc3 d5 3. Bg5 Nbd7 4. Qd3 e6 5. e4 dxe4 6. Nxe4 Bb4+ 7. c3 Be7 8.
Nxf6+ Nxf6 9. Nf3 O-O 10. h4 c5 11. Bxf6 Bxf6 12. dxc5 Qc7 13. Ng5 g6 14. Ne4
Bg7 15. O-O-O Qa5 16. h5 e5 17. h6 Bh8 18. Qf3 Bf5 19. Bc4 Bxe4 20. Qxe4 Rad8
21. Rd6 Rxd6 22. cxd6 Qc5 23. d7 b5 24. Rd1 Bf6 25. Bb3 Qxf2 26. Kb1 Qf5 27.
Qxf5 gxf5 28. Rd6 Be7 29. Rd5 Bf6 30. Bc2 f4 31. Rxb5 Rd8 32. Bf5 Kf8 33. Kc2
Bg5 34. Rxe5 Bxh6 35. c4 f3 36. gxf3 Bf4 37. Re4 Bd6 38. Rh4 Kg7 39. Rxh7+ Kf6
40. Bg4 Kg6 41. Rh5 Rxd7 42. Bxd7 Kxh5 43. Kd3 Kg5 44. Ke4 Kf6 45. Kd5 Ke7 46.
Bf5 Bf4 47. b4 Bd2 48. b5 Kd8 49. Kc6 Ke7 50. c5 Kf6 51. Be4 Be3 52. Kd6 Bf4+
53. Kd7 Be5 54. c6 1-0

[Event "Superettan(Stockholms SS-Upsala)"]
[Site "?"]
[Date "2013.02.23"]
[Round "6"]
[White "Johansson, Jan"]
[Black "Couso, Luis"]
[Result "1/2-1/2"]
[WhiteElo "2430"]
[BlackElo "2296"]
[PlyCount "63"]
[SourceDate "2013.03.03"]

1. d4 d5 2. Nf3 c6 3. c4 Nf6 4. Qc2 g6 5. Bf4 Bg7 6. e3 O-O 7. Nc3 c5 8. dxc5
Qa5 9. Nd2 Qxc5 10. Rc1 Be6 11. Nb3 Qb6 12. c5 Qd8 13. Nd4 Nc6 14. Nxe6 fxe6
15. Bb5 Ne4 16. O-O Nxc3 17. bxc3 Rc8 18. Qa4 a6 19. Be2 Qa5 20. Qb3 Qxc5 21.
Qxb7 a5 22. Bg3 Ne5 23. Rb1 Rc7 24. Qb6 Rc6 25. Qxc5 Rxc5 26. Rb6 Kf7 27. Ra6
Rfc8 28. h3 Nc6 29. Rb1 Bxc3 30. Rb7 Nb4 31. Raa7 Nc6 32. Ra6 1/2-1/2

[Event "Superettan(Stockholms SS-Upsala)"]
[Site "?"]
[Date "2013.02.23"]
[Round "6"]
[White "Bergstrom, Rolf"]
[Black "Glimbrant, Torbjorn"]
[Result "1/2-1/2"]
[WhiteElo "2319"]
[BlackElo "2342"]
[PlyCount "51"]

1. e4 e5 2. Nc3 Nf6 3. Nf3 Nc6 4. Bb5 Bb4 5. O-O O-O 6. d3 d6 7. Ne2 Ne7 8. c3
Ba5 9. Ng3 c6 10. Ba4 Ng6 11. d4 Bc7 12. Re1 b5 13. Bc2 Rb8 14. Be3 Bb6 15. h3
c5 16. Qe2 a6 17. a4 b4 18. dxe5 dxe5 19. a5 Ba7 20. Red1 Qc7 21. Qd2 b3 22.
Bd3 Rd8 23. c4 Be6 24. Qc3 Nd7 25. Ne2 Rb4 26. Nc1 1/2-1/2

[Event "Superettan(Stockholms SS-Upsala)"]
[Site "?"]
[Date "2013.02.23"]
[Round "6"]
[White "Andersson, Fredrik"]
[Black "Hammar, Bengt"]
[Result "1/2-1/2"]
[WhiteElo "2378"]
[BlackElo "2262"]
[PlyCount "184"]

1. e4 c5 2. Nf3 d6 3. d4 cxd4 4. Nxd4 Nf6 5. Nc3 a6 6. Bg5 e6 7. f4 Nbd7 8. Qe2
Qc7 9. O-O-O b5 10. a3 Be7 11. g4 Bb7 12. Bh4 Nb6 13. g5 Nfd7 14. f5 e5 15. Nf3
O-O-O 16. Bh3 Kb8 17. Rhf1 Rhe8 18. f6 gxf6 19. gxf6 Bxf6 20. Bxd7 Nxd7 21.
Bxf6 Nxf6 22. Ng5 h6 23. Rxf6 hxg5 24. Qf3 Rd7 25. Rf5 Rh8 26. Rd2 Qd8 27. Rxf7
Rxf7 28. Qxf7 Rf8 29. Qg6 Rf6 30. Qg7 Rf1+ 31. Rd1 Rf2 32. Qxe5 dxe5 33. Rxd8+
Kc7 34. Rg8 Rxh2 35. Rg7+ Kb6 36. Rxg5 Rh1+ 37. Kd2 Rh2+ 38. Kc1 Rh1+ 39. Kd2
Rh2+ 40. Ne2 Bxe4 41. Rxe5 Bf3 42. Kd3 Bxe2+ 43. Rxe2 Rh6 44. Kd4 Kc6 45. Rg2
Re6 46. Rg4 Rd6+ 47. Kc3 Rf6 48. Kb4 Kb6 49. a4 Rh6 50. Rf4 Rg6 51. Re4 Rh6 52.
Rg4 Rf6 53. Rh4 Rg6 54. a5+ Kc6 55. b3 Rf6 56. Rg4 Rh6 57. Rg8 Rh4+ 58. Ka3 Kb7
59. Rg7+ Kb8 60. Kb2 Rh3 61. Kc1 Rh2 62. Kb2 Rh3 63. Rg6 Ka7 64. Ka3 Rh4 65.
Rb6 Rg4 66. Kb2 Rg3 67. Rd6 Rh3 68. Rf6 Rg3 69. Rf4 Rh3 70. Ka3 Rc3 71. Rf2 Rh3
72. Kb4 Rh4+ 73. c4 bxc4 74. Rf7+ Kb8 75. bxc4 Rh1 76. Rf6 Kb7 77. Rb6+ Ka7 78.
Rd6 Kb7 79. Kc5 Rh5+ 80. Kb4 Rh1 81. Rb6+ Ka7 82. Re6 Kb7 83. Rf6 Rg1 84. Rf5
Kc6 85. Rf6+ Kb7 86. Rf7+ Kb8 87. Rd7 Rg5 88. Rd5 Rg7 89. Rd6 Kb7 90. Rb6+ Ka7
91. Rf6 Kb7 92. Kc5 Rg5+ 1/2-1/2

[Event "Superettan(Stockholms SS-Upsala)"]
[Site "?"]
[Date "2013.02.23"]
[Round "6"]
[White "Henriksson, Johan"]
[Black "Burwick, Malte"]
[Result "1-0"]
[WhiteElo "2277"]
[BlackElo "2308"]
[PlyCount "97"]

1. d4 g6 2. g3 Bg7 3. Bg2 Nf6 4. e4 d6 5. Ne2 O-O 6. O-O e5 7. f4 exd4 8. Nxd4
Re8 9. Nc3 a6 10. Kh1 c5 11. Nb3 Nc6 12. e5 dxe5 13. Qxd8 Rxd8 14. fxe5 Ng4 15.
Nd5 c4 16. Nc5 Ngxe5 17. Bg5 Rf8 18. Rae1 Rb8 19. Ne7+ Kh8 20. Nxc6 bxc6 21.
Be7 Bf5 22. Bxf8 Rxf8 23. Re2 a5 24. Rfe1 f6 25. h3 h5 26. Kh2 Rb8 27. b3 cxb3
28. axb3 Rb5 29. Ne4 Bxe4 30. Bxe4 Rc5 31. Rd1 f5 32. Rd8+ Kh7 33. Bg2 h4 34.
gxh4 Bf6 35. Re8 Kg7 36. c4 Kf7 37. Rc8 Bxh4 38. Bd5+ Kf6 39. Rf8+ Kg7 40. Rg8+
Kf6 41. Re8 cxd5 42. R8xe5 a4 43. Rxd5 Rc7 44. bxa4 Rxc4 45. Ra2 Ke6 46. Rd1
Rc6 47. Re2+ Kf7 48. Rd7+ Kf8 49. Rb2 1-0

[Event "Superettan(Stockholms SS-Upsala)"]
[Site "?"]
[Date "2013.02.23"]
[Round "6"]
[White "Marttala, Thomas"]
[Black "Nilsson, Mats E"]
[Result "1-0"]
[WhiteElo "2245"]
[BlackElo "2093"]
[PlyCount "85"]
[EventDate "2013.??.??"]

1. d4 e6 2. Nf3 c5 3. e3 b6 4. Bd3 Bb7 5. O-O Nf6 6. Nbd2 cxd4 7. exd4 Be7 8.
Re1 O-O 9. c3 d6 10. Nf1 Nbd7 11. Ng3 Re8 12. h3 Nf8 13. Bg5 a6 14. a4 Nd5 15.
Bd2 Ng6 16. Nh5 Ra7 17. c4 Nf6 18. Ng5 Qa8 19. Nxf6+ Bxf6 20. Qg4 Bc6 21. h4
Nf8 22. Bb4 Qd8 23. d5 exd5 24. cxd5 Bxd5 25. Nxh7 Nxh7 26. Qh5 Nf8 27. Qxd5
Bxb2 28. Rab1 Rxe1+ 29. Bxe1 Be5 30. g3 Nd7 31. Qe4 Nf6 32. Qf5 Bd4 33. Qf4 Be5
34. Qf3 a5 35. Bd2 Nd7 36. h5 Nc5 37. Bc4 Qf6 38. Qxf6 gxf6 39. Rxb6 Nxa4 40.
Rb8+ Kg7 41. h6+ Kg6 42. Bd3+ f5 43. g4 1-0

[Event "Superettan(Stockholms SS-Upsala)"]
[Site "?"]
[Date "2013.02.23"]
[Round "6"]
[White "Braathen, Tom"]
[Black "Johansson, Thomas"]
[Result "1/2-1/2"]
[WhiteElo "2081"]
[BlackElo "2263"]
[PlyCount "80"]

1. e4 e6 2. d4 d5 3. Nd2 Nf6 4. e5 Nfd7 5. Bd3 c5 6. c3 Nc6 7. Ne2 cxd4 8. cxd4
f6 9. exf6 Nxf6 10. Nf3 Bd6 11. O-O Qc7 12. Bg5 O-O 13. Bh4 Nh5 14. Nc3 a6 15.
Re1 g6 16. Rc1 Qg7 17. Bf1 h6 18. Na4 Nf4 19. Nc5 g5 20. Bg3 g4 21. Ne5 Nxe5
22. dxe5 Be7 23. Nd3 Nxd3 24. Bxd3 Bg5 25. Rc3 h5 26. Bb1 Bd7 27. f4 gxf3 28.
Rxf3 Rxf3 29. Qxf3 h4 30. Bf2 Rf8 31. Qh5 Qh6 32. Qxh6 Bxh6 33. Bxh4 Bd2 34.
Rd1 Be3+ 35. Kh1 d4 36. h3 Bc6 37. Bf6 Kf7 38. Bh7 Bd5 39. b3 Rc8 40. Kh2 Bf4+
1/2-1/2

[Event "Superettan(Stockholms SS-Upsala)"]
[Site "?"]
[Date "2013.02.23"]
[Round "6"]
[White "Thorgeirsson, Sverrir"]
[Black "Wikfeldt, Kjartan"]
[Result "1-0"]
[WhiteElo "2214"]
[BlackElo "2079"]
[PlyCount "95"]

1. d4 Nf6 2. c4 g6 3. Nc3 Bg7 4. e4 O-O 5. Nf3 d6 6. Be2 e5 7. Be3 Ng4 8. Bg5
f6 9. Bh4 Nc6 10. d5 Ne7 11. Nd2 Nh6 12. O-O g5 13. Bg3 Ng6 14. b4 f5 15. f3
Qe7 16. Bf2 Nf4 17. c5 g4 18. Kh1 gxf3 19. gxf3 Kh8 20. Nc4 Bd7 21. Be3 fxe4
22. fxe4 Nh3 23. Qe1 Ng4 24. Bxg4 Bxg4 25. Qg3 h5 26. cxd6 cxd6 27. Nb5 Rxf1+
28. Rxf1 Rf8 29. Qg2 Rf6 30. Nbxd6 Rxd6 31. Bc5 Qc7 32. Nxd6 Nf4 33. Qd2 b6 34.
Ne8 Qd7 35. Nxg7 Qxg7 36. Be3 Be2 37. Rxf4 exf4 38. Qxe2 fxe3 39. Qxe3 Qa1+ 40.
Kg2 Qxa2+ 41. Kh3 Qc2 42. Qd4+ Kg8 43. d6 Qc8+ 44. d7 Qd8 45. e5 Kf7 46. Qd5+
Ke7 47. Qd6+ Kf7 48. Qf6+ 1-0

[Event "Superettan(Stockholms SS-Upsala)"]
[Site "?"]
[Date "2013.02.23"]
[Round "6"]
[White "Carlsten, Peter"]
[Black "Johansson, Carl Fredrik"]
[Result "0-1"]
[WhiteElo "2059"]
[BlackElo "2222"]
[PlyCount "62"]

1. e4 c5 2. Nf3 d6 3. d4 cxd4 4. Nxd4 Nf6 5. Nc3 g6 6. g3 Nc6 7. Nde2 Bd7 8.
Bg2 Bg7 9. O-O Qc8 10. Re1 Bh3 11. Bh1 h5 12. Nf4 h4 13. Nxh3 hxg3 14. hxg3
Qxh3 15. Bg2 Qd7 16. Bf4 Ng4 17. Qd2 O-O-O 18. Rab1 Rh5 19. b4 Rdh8 20. b5 Nd4
21. f3 g5 22. b6 a6 23. Be3 Nxe3 24. Rxe3 g4 25. f4 Nf3+ 26. Bxf3 gxf3 27. Qd3
Rh2 28. Qc4+ Kb8 29. Qc7+ Qxc7 30. bxc7+ Kc8 31. Rxf3 Bxc3 0-1

[Event "Superettan(Farsta-Majorna)"]
[Site "?"]
[Date "2013.03.15"]
[Round "7"]
[White "Enstrom, Henrik"]
[Black "Nikcevic, Nebojsa"]
[Result "0-1"]
[WhiteElo "2232"]
[BlackElo "2482"]
[PlyCount "102"]
[SourceDate "2013.04.07"]

1. d4 d5 2. c4 dxc4 3. Nf3 Nf6 4. e3 e6 5. Bxc4 c5 6. O-O Nc6 7. dxc5 Bxc5 8.
Qxd8+ Kxd8 9. Nc3 Ke7 10. b3 Rd8 11. Bb2 b6 12. Rfd1 Bb7 13. Nb5 a6 14. Nbd4
Nxd4 15. Nxd4 b5 16. Be2 Rac8 17. a4 b4 18. a5 Ne4 19. Bc4 Rd6 20. f3 Nc3 21.
Bxc3 bxc3 22. Kf2 Rcd8 23. Rdc1 Rxd4 24. exd4 Rxd4 25. Ke1 Rd2 26. Be2 Rb2 27.
Kd1 Rxb3 28. Rcb1 Rb2 29. Rxb2 cxb2 30. Rb1 Bd4 31. Kc2 Kd6 32. Rd1 Kc5 33. Rd3
e5 34. Kb1 Kb4 35. Bd1 Bd5 36. Bc2 h6 37. Rd2 Kxa5 38. Bd3 Kb6 39. Rc2 a5 40.
Bc4 Bxc4 41. Rxc4 f5 42. Kc2 Kb5 43. Rc7 e4 44. Rd7 Kc4 45. Rc7+ Kd5 46. Rd7+
Kc5 47. Ra7 Kb4 48. Rd7 Bf6 49. Rd5 a4 50. Rxf5 a3 51. Kb1 e3 0-1

[Event "Superettan(Farsta-Majorna)"]
[Site "?"]
[Date "2013.03.15"]
[Round "7"]
[White "Sammalvuo, Tapani"]
[Black "Kall, Anders"]
[Result "1-0"]
[WhiteElo "2516"]
[BlackElo "2173"]
[PlyCount "71"]

1. d4 Nf6 2. c4 e6 3. Nf3 Bb4+ 4. Bd2 Bxd2+ 5. Qxd2 d5 6. g3 O-O 7. Bg2 Qe7 8.
O-O Rd8 9. Rc1 c6 10. Qe3 Re8 11. Nbd2 Nbd7 12. Rab1 h6 13. Ne5 Nxe5 14. dxe5
Nd7 15. f4 Nf8 16. b4 Bd7 17. Qd4 Red8 18. e4 dxc4 19. Nxc4 Be8 20. Qe3 Qc7 21.
Rb2 Nd7 22. Bh3 Nb6 23. Nd6 Na4 24. Rf2 Nb6 25. b5 Nc8 26. Nxe8 Rxe8 27. bxc6
bxc6 28. Qc5 Ne7 29. Rb2 Rab8 30. Rcb1 Rxb2 31. Rxb2 Rd8 32. Bf1 Rd1 33. Kf2
Qd7 34. Be2 Rh1 35. Qd6 Qe8 36. Rb8 1-0

[Event "Superettan(Farsta-Majorna)"]
[Site "?"]
[Date "2013.03.15"]
[Round "7"]
[White "Strom, Leif"]
[Black "von Bahr, Oskar"]
[Result "0-1"]
[WhiteElo "2155"]
[BlackElo "2360"]
[PlyCount "88"]

1. c4 e5 2. g3 Nf6 3. Bg2 c6 4. d4 Bb4+ 5. Bd2 Bxd2+ 6. Qxd2 d6 7. dxe5 dxe5 8.
Qxd8+ Kxd8 9. Nf3 Nfd7 10. Nc3 f6 11. O-O Na6 12. Rfd1 Ke7 13. Ne4 Ndc5 14.
Nxc5 Nxc5 15. b4 Na4 16. b5 Bd7 17. Nd2 Nc3 18. Re1 cxb5 19. Bxb7 Rab8 20. Bf3
Rhc8 21. Rec1 b4 22. a3 a5 23. axb4 axb4 24. Ra7 f5 25. e4 Ra8 26. Rxa8 Rxa8
27. exf5 Ra2 28. Ne4 Ne2+ 29. Bxe2 Rxe2 30. f3 b3 31. Nc3 Rc2 32. Rxc2 bxc2 33.
Ne2 Bxf5 34. Nc1 Kd6 35. Kf2 Kc5 36. Ke3 Kxc4 37. Kd2 Kb4 38. Ne2 Kb3 39. f4
exf4 40. gxf4 Kb2 41. Nc1 g6 42. Ne2 Be6 43. Nc1 Bc4 44. h3 h6 0-1

[Event "Superettan(Farsta-Majorna)"]
[Site "?"]
[Date "2013.03.15"]
[Round "7"]
[White "Livner, Anders"]
[Black "Bengtsson, Tage"]
[Result "1-0"]
[WhiteElo "2393"]
[BlackElo "2148"]
[PlyCount "125"]

1. d4 d5 2. c4 e6 3. Nc3 c5 4. e3 Nf6 5. Nf3 Be7 6. a3 cxd4 7. exd4 O-O 8. Bd3
dxc4 9. Bxc4 Nbd7 10. O-O a6 11. Ba2 b6 12. Qe2 Bb7 13. Re1 Re8 14. Bg5 Nf8 15.
Rac1 Nd5 16. Bxd5 Bxd5 17. Bxe7 Rxe7 18. Nxd5 Qxd5 19. Ne5 Ng6 20. Nc6 Rd7 21.
Red1 Ne7 22. Nxe7+ Rxe7 23. Qxa6 g6 24. Qc4 Rd7 25. Qxd5 Rxd5 26. Rc6 Rb5 27.
Rc2 Ra4 28. g3 Rd5 29. Rc6 Rb5 30. Rd2 Kf8 31. Kg2 Rb3 32. Rc7 Ra5 33. Rb7 Rab5
34. a4 Ra5 35. g4 h5 36. h3 hxg4 37. hxg4 Rg5 38. f3 Rd5 39. a5 Rxa5 40. Rc2
Rd5 41. Rcc7 Rxb2+ 42. Kg3 Rxd4 43. Rxf7+ Kg8 44. Rg7+ Kf8 45. Rgf7+ Kg8 46.
Rfe7 Kf8 47. Rxe6 g5 48. Rf6+ Kg8 49. Rg6+ Kh8 50. Rh6+ Kg8 51. Rg6+ Kh8 52.
Rxg5 Rb3 53. Rf5 Kg8 54. Kh4 Rd6 55. f4 Rb4 56. Kg5 Rdd4 57. Rf6 Rd5+ 58. Kg6
Rd8 59. g5 b5 60. f5 Rb1 61. Rg7+ Kh8 62. Rh7+ Kg8 63. Rff7 1-0

[Event "Superettan(Farsta-Majorna)"]
[Site "?"]
[Date "2013.03.15"]
[Round "7"]
[White "Panas, Itai"]
[Black "Ong, Kezli"]
[Result "1-0"]
[WhiteElo "2146"]
[BlackElo "2318"]
[PlyCount "81"]

1. c4 e5 2. Nc3 Nf6 3. g3 d5 4. cxd5 Nxd5 5. Bg2 Nb6 6. Nf3 Nc6 7. d3 Be7 8.
Be3 O-O 9. Rc1 Be6 10. a4 f6 11. O-O Qe8 12. Ne4 Qf7 13. Nfd2 f5 14. Nc5 Bxc5
15. Bxc5 Rfd8 16. Bxc6 bxc6 17. Qc2 Qh5 18. Nf3 f4 19. Bxb6 cxb6 20. Qxc6 Bd5
21. Qc7 Re8 22. Qd7 Rad8 23. Qxa7 Rd6 24. Rc7 Qg6 25. Nh4 Qf6 26. Rxg7+ Qxg7
27. Qxg7+ Kxg7 28. Nf5+ Kf6 29. Nxd6 Ra8 30. Ra1 Ke6 31. Nb5 Kd7 32. Nc3 Bb7
33. Ra3 h5 34. Rb3 Kc7 35. Rb5 Ra5 36. b4 Ra8 37. Rxe5 fxg3 38. Re7+ Kb8 39.
hxg3 b5 40. Re8+ Bc8 41. a5 1-0

[Event "Superettan(Farsta-Majorna)"]
[Site "?"]
[Date "2013.03.15"]
[Round "7"]
[White "Lundin, Jan"]
[Black "Fors, Klas"]
[Result "0-1"]
[WhiteElo "2322"]
[BlackElo "2075"]
[PlyCount "106"]

1. e4 e6 2. d4 d5 3. e5 c5 4. c3 Nc6 5. Nf3 Qb6 6. Nbd2 Bd7 7. a3 c4 8. b3 cxb3
9. Nxb3 Na5 10. Nxa5 Qxa5 11. Bd2 Qa4 12. Qb1 Bc6 13. Bd3 Ne7 14. h4 h6 15. O-O
Nc8 16. Bc1 Nb6 17. Nd2 Be7 18. h5 Nc4 19. Nxc4 dxc4 20. Be4 O-O 21. Bxc6 Qxc6
22. Ra2 b5 23. Re2 a5 24. f4 b4 25. axb4 axb4 26. cxb4 Qb6 27. Be3 Qxb4 28. Qe4
Ra3 29. f5 exf5 30. Qxf5 Qb6 31. Qe4 Rd8 32. Ref2 Rf8 33. Rf3 Rd3 34. Kh1 Qe6
35. Qb7 Rb3 36. Qe4 Rd3 37. Rf5 Bd8 38. R1f3 Rd1+ 39. Rf1 Rd3 40. R1f3 Rd1+ 41.
Kh2 Rd3 42. Qg4 Kh7 43. Rg3 Rg8 44. Qe4 Kh8 45. Rgf3 f6 46. Bf4 Rxf3 47. gxf3
c3 48. d5 Qc8 49. e6 c2 50. Bc1 Qc5 51. Qe3 Bc7+ 52. Kg2 Qd6 53. Rxf6 gxf6+ 0-1